| 000 | 00648nam a2200229Ia 4500 | ||
|---|---|---|---|
| 003 | OSt | ||
| 005 | 20220613053140.0 | ||
| 008 | 151021s9999 xx 000 0 und d | ||
| 020 | _a97800733206 | ||
| 040 |
_aMMU _beng _cMMU _dMMU |
||
| 050 | _aHF5635.P975 2007 | ||
| 245 |
_aFundamental accounting principles / _cJohn J Wild [et al] |
||
| 250 | _a18th ed. | ||
| 260 |
_aBoston: _bMcGraw-Hill, _c2007. |
||
| 300 | _axxxii, 547 p. : | ||
| 500 | _aincludes working papers | ||
| 500 | _aincludes working papers | ||
| 650 | _a_accounting | ||
| 700 | _a_Kermit D Larson | ||
| 942 |
_2lcc _cLOAN LOAN |
||
| 980 | _a^d20140331 01:29:02^okorir | ||
| 999 |
_c14846 _d14846 |
||